| 000 | 00663nam a2200169 i 4500 | ||
|---|---|---|---|
| 001 | 89887 | ||
| 003 | ES-MaACL | ||
| 005 | 20230906180308.0 | ||
| 007 | t| | ||
| 008 | 050114s1916 sp ||||1| spa d | ||
| 100 | 1 |
_aLatorre, Germán. _970531 |
|
| 245 | 1 | 3 |
_aLa cartografía colonial americana _b: [cartas geográficas más antiguas referentes al Nuevo Mundo contenidas en el Archivo General de Indias de Sevilla] / _cpor Germán Latorre. |
| 260 |
_aSevilla : _b[s.n.], _c1916 ( _fEst. tip. de la "Guía Oficial) |
||
| 300 |
_a79 p., : _b9 h. de lám. ; _c27 cm. |
||
| 650 | 4 |
_aCartografía- _zAmérica española- _vHistoria. _9159031 |
|
| 852 |
_aES-MaACL _j1506-F-8 |
||
| 999 |
_c89887 _d89887 |
||